000
00290nam a2200109Ia 4500
001
1276089
005
20260417160440.0
008
260417s9999 xx 000 0 und d
020
_a
9786256309203
245
0
_a
Cenk Hikayeleri - Topal Kasırga
_c
Yavuz Bahadıroğlu
260
_b
Ketebe Genç
999
_c
1276089
_d
1276089